TXT Song Quiz - Statistics

General Stats
  • This quiz has been taken 85 times
    11 since last reset
  • The average score is 63 of 83
Answer Stats
Answer % Correct
20cm
100%
9 and Three Quarters (Run Away)
100%
Blue Orangeade
100%
Cat & Dog
100%
CROWN
100%
Drama
100%
Magic
100%
New Rules
100%
Our Summer
100%
Poppin' Star
100%
0X1=LOVESONG (I Know I Love You)
89%
Angel Or Devil
89%
Blue Hour
89%
Can't We Just Leave the Monster Alive?
89%
Can't You See Me?
89%
Chasing That Feeling
89%
Deja Vu
89%
Eternally
89%
Forty One Winks
89%
Ghost Girl
89%
Good Boy Gone Bad
89%
Happy Fools
89%
LO$ER=LO♡ER
89%
Love Language
89%
Maze in the Mirror
89%
Over the Moon
89%
PUMA
89%
君じゃない誰かの愛し方 (Ring)
89%
Roller Coaster
89%
Sugar Rush Ride
89%
Anti-Romantic
78%
Back for More
78%
Beautiful Strangers
78%
Bird of Night
78%
Danger
78%
Dreamer
78%
Fairy of Shampoo
78%
Farewell, Neverland
78%
Ghosting
78%
Growing Pain
78%
I'll See You There Tomorrow
78%
Magic Island
78%
MOA Diary (Dubaddu Wari Wari)
78%
Nap of a Star
78%
No Rules
78%
Opening Sequence
78%
Resist (Not Gonna Run Away)
78%
Skipping Stones
78%
Song of the Stars
78%
The Killa (I Belong to You)
78%
Thursday's Child Has Far To Go
78%
Tinnitus (Wanna be a rock)
78%
Trust Fund Baby
78%
Upside Down Kiss
78%
We Lost The Summer
78%
Dance With You
67%
Devil by the Window
67%
Do It Like That
67%
Frost
67%
Happily Ever After
67%
Heaven
67%
Higher Than Heaven
67%
Miracle
67%
Take My Half
67%
Way Home
67%
Wishlist
67%
Blue Spring
56%
Deep Down
56%
Ice Cream
56%
Ito
56%
Lonely Boy (the tattoo on my ring finger)
56%
What if I had been that PUMA
56%
Dear Sputnik
44%
永遠に光れ (Everlasting Shine)
44%
Force
44%
Free Falling
44%
紫陽花のような恋 (Hydrangea Love)
44%
きっとずっと (Kitto Zutto)
44%
- --- -- --- .-. .-. --- .-- (Morse Code)
44%
Quarter Life
44%
Sunday Driver
44%
ひとつの誓い (We'll Never Change)
44%
ひとりの夜 (Hitori no Yoru)
33%
No matching quizzes found
Score Distribution
Percent of People with Each Score
Percentile by Number Answered
Your Score History
You have not taken this quiz since the last reset